• 首页
  • 本馆介绍
  • 公告通知
  • 最新文献
  • 馆藏检索
  • 电子资源
  • 读者导购
  • 参考咨询
  • 我的图书馆
  • 登录
  • 详细信息显示
  • 放入我的书架
  • 预约/预借图书
  • 作者相关作品
  • 分类相关作品
  • 丛书相关作品
  • 出版社相关作品

书目信息

  • 表格格式
  • 工作单格式
  • 卡片格式
题名:
钱大昕的史学思想
    
 
作者: 王记录 著
分册:  
出版信息: 北京   社会科学文献出版社  2004
页数: 16,327页
开本: 20cm
丛书名:
单 册:
中图分类: K092.49
科图分类:
主题词: 史学
电子资源:
ISBN: 7-80190-279-3
000 01118nam0 2200265 450
001 010000004241
005 20051231100508.09
010    @a7-80190-279-3@dCNY25.00
092    @aCN
100    @a20050624d2004 ekmy0chiy0120 ea
101 0  @achi
102    @aCN@b110000
105    @ay z 000yd
200 1  @a钱大昕的史学思想@9qian da xin de shi xue si xiang@f王记录著@Fwang ji lu zhu
210    @a北京@c社会科学文献出版社@d2004
215    @a16,327页@d20cm
314    @a王记录,1964年生,河南范县人,河南师范大学社会发展学院副教授,先后毕业地兰州大学历史系,北京师范大学史学所,获历史学硕士学位。现在北京师范大学古籍所攻读博士学位。主要著作有《中国史学思想通史·清代卷》、《中国文化通史·秦汉卷》等,发表学术论文60余篇。
330    @a本书从思想的视角揭示了钱大昕历史考证背后的丰富思想内涵,对于钱大昕的学术渊源和学术特点、经学见解和史学思想、史论和政论、历史考证学成就和考史方法论等,提出了新的认识。
600  0 @a钱大昕@f(1728~1804)@x史学@x思想评论
606 0  @a史学
690    @aK092.49@v4
701  0 @a王记录@Awang ji lu@4著
801  0 @aCN@bNLC@c20051231
905    @a10447@dK092.49@e43
999    @aWJ
    
    钱大昕的史学思想/王记录著.-北京:社会科学文献出版社,2004
    16,327页;20cm
    
    
    ISBN 7-80190-279-3:CNY25.00
    本书从思想的视角揭示了钱大昕历史考证背后的丰富思想内涵,对于钱大昕的学术渊源和学术特点、经学见解和史学思想、史论和政论、历史考证学成就和考史方法论等,提出了新的认识。
●
相关链接 在E读中查询图书 在五车中查询图书 在当当中查询图书 在豆瓣中查询图书


正题名:钱大昕的史学思想     索取号:K092.49/43         预约/预借

序号 登录号 条形码 馆藏地/架位号 状态 备注
1 0373272   203732728   第二样本阅览室/ [索取号:K092.49/43] 在馆    
2 0373273   203732737   第二借阅区/ [索取号:K092.49/43] 在馆    
3 0373274   203732746   第二借阅区/ [索取号:K092.49/43] 在馆    
4 0373275   203732755   第二借阅区/ [索取号:K092.49/43] 在馆    
5 0373276   203732764   第二借阅区/ [索取号:K092.49/43] 在馆    
唐山师范学院图书馆 欢迎您!
大连网信软件有限公司© 版权所有